| 000 | 00873nam a22002657a 4500 | ||
|---|---|---|---|
| 001 | 7620 | ||
| 003 | FISKH | ||
| 005 | 20250728104653.0 | ||
| 008 | 250728b cb ||||| |||| 00| 0 eng d | ||
| 040 |
_aFISKH _beng _cFISKH _dFISKH |
||
| 050 | _aPZ7.P85 T | ||
| 082 | _a823.912 | ||
| 100 | _aPotter, Beatrix | ||
| 245 |
_aThe tale of Benjamin Bunny / _cby Beatrix Potter |
||
| 250 | _aThis edition published in 1989 | ||
| 260 |
_aLondon : _bFrederick Warne, _c1904 |
||
| 300 |
_a49 pages : _bcolor illustrations ; _c15 cm |
||
| 505 | _aJ | ||
| 520 | _aPeter's mischievous cousin, Benjamin Bunny, persuades him to go back to Mr. McGregor's garden to retrieve the clothes he lost there. | ||
| 521 | 8 |
_a430
_bLexile Adjusted |
|
| 521 | 8 |
_aJ _bRaz-Plus |
|
| 650 |
_aAnimals _vChildren's Book _xChildren's Fiction _yBunny |
||
| 942 |
_2ddc _cBK _n0 |
||
| 999 |
_c7620 _d7620 |
||